Statistiques concernant Personnages de jeux-vidéo en images - M

Cliquez ici pour prendre le quiz!

Statistiques générales

  • Ce quiz a été pris 129 fois
  • Le résultat moyen est 6 sur 16

Statistiques - réponses

Réponse% Correct
Mario
94%
Mega man
86%
Maskass
79%
Marie
75%
Meta Knight
67%
Mark Evans
50%
Midona
45%
Min Min
30%
Mythra
24%
Max Payne
23%
Menzi
18%
Maya Fey
14%
Madeline
13%
Malfurion Hurlorage
11%
Morgana
9%
Meave
8%

Distribution des résultats

Percentile par nombre de réponses

% des personnes avec chaque résultat

Votre développement - résultats

Vous n’avez pas pris ce quiz